<?xml version="1.0" encoding="UTF-8"?>
<record
    xmlns:xsi="http://www.w3.org/2001/XMLSchema-instance"
    xsi:schemaLocation="http://www.loc.gov/MARC21/slim http://www.loc.gov/standards/marcxml/schema/MARC21slim.xsd"
    xmlns="http://www.loc.gov/MARC21/slim">

  <leader>00507nam a2200181   4500</leader>
  <controlfield tag="003">SEACOMEC</controlfield>
  <controlfield tag="005">20241220122050.0</controlfield>
  <controlfield tag="008">231222b        |||||||| |||| 00| 0 eng d</controlfield>
  <datafield tag="020" ind1=" " ind2=" ">
    <subfield code="c">Rs.325.00</subfield>
    <subfield code="a">0929306414</subfield>
  </datafield>
  <datafield tag="040" ind1=" " ind2=" ">
    <subfield code="a">SEACOMEC</subfield>
  </datafield>
  <datafield tag="082" ind1=" " ind2=" ">
    <subfield code="a">005.1</subfield>
    <subfield code="b">H811</subfield>
  </datafield>
  <datafield tag="100" ind1=" " ind2=" ">
    <subfield code="a">Horowitz,Ellis</subfield>
  </datafield>
  <datafield tag="245" ind1="1" ind2=" ">
    <subfield code="a">Computer algorithms /</subfield>
    <subfield code="c">Ellis Horowitz,Sartaj Sahni, &amp;  Sanagathevar Rajsekhan</subfield>
  </datafield>
  <datafield tag="260" ind1=" " ind2=" ">
    <subfield code="a">New Delhi</subfield>
    <subfield code="b">Galgotia</subfield>
    <subfield code="c">1998</subfield>
  </datafield>
  <datafield tag="650" ind1=" " ind2=" ">
    <subfield code="a">Computer science,Programming</subfield>
  </datafield>
  <datafield tag="700" ind1=" " ind2=" ">
    <subfield code="a">sahni,sartaj</subfield>
  </datafield>
  <datafield tag="942" ind1=" " ind2=" ">
    <subfield code="c">BOOK</subfield>
  </datafield>
  <datafield tag="952" ind1=" " ind2=" ">
    <subfield code="0">0</subfield>
    <subfield code="1">0</subfield>
    <subfield code="2">ddc</subfield>
    <subfield code="4">0</subfield>
    <subfield code="7">0</subfield>
    <subfield code="a">SEACOMEC</subfield>
    <subfield code="b">SEACOMEC</subfield>
    <subfield code="d">2006-06-02</subfield>
    <subfield code="l">0</subfield>
    <subfield code="o">005.1 H811</subfield>
    <subfield code="p">00517</subfield>
    <subfield code="r">2024-12-20 12:16:25</subfield>
    <subfield code="w">2024-12-20</subfield>
    <subfield code="y">BOOK</subfield>
  </datafield>
  <datafield tag="952" ind1=" " ind2=" ">
    <subfield code="0">0</subfield>
    <subfield code="1">0</subfield>
    <subfield code="2">ddc</subfield>
    <subfield code="4">0</subfield>
    <subfield code="7">0</subfield>
    <subfield code="a">SEACOMEC</subfield>
    <subfield code="b">SEACOMEC</subfield>
    <subfield code="d">2006-06-02</subfield>
    <subfield code="l">0</subfield>
    <subfield code="o">005.1 H811</subfield>
    <subfield code="p">00518</subfield>
    <subfield code="r">2024-12-20 12:16:25</subfield>
    <subfield code="t">1</subfield>
    <subfield code="w">2024-12-20</subfield>
    <subfield code="y">BOOK</subfield>
  </datafield>
  <datafield tag="952" ind1=" " ind2=" ">
    <subfield code="0">0</subfield>
    <subfield code="1">0</subfield>
    <subfield code="2">ddc</subfield>
    <subfield code="4">0</subfield>
    <subfield code="7">0</subfield>
    <subfield code="a">SEACOMEC</subfield>
    <subfield code="b">SEACOMEC</subfield>
    <subfield code="d">2006-06-02</subfield>
    <subfield code="l">0</subfield>
    <subfield code="o">005.1 H811</subfield>
    <subfield code="p">00519</subfield>
    <subfield code="r">2024-12-20 12:16:25</subfield>
    <subfield code="t">2</subfield>
    <subfield code="w">2024-12-20</subfield>
    <subfield code="y">BOOK</subfield>
  </datafield>
  <datafield tag="952" ind1=" " ind2=" ">
    <subfield code="0">0</subfield>
    <subfield code="1">0</subfield>
    <subfield code="2">ddc</subfield>
    <subfield code="4">0</subfield>
    <subfield code="7">0</subfield>
    <subfield code="a">SEACOMEC</subfield>
    <subfield code="b">SEACOMEC</subfield>
    <subfield code="d">2006-06-02</subfield>
    <subfield code="l">0</subfield>
    <subfield code="o">005.1 H811</subfield>
    <subfield code="p">00520</subfield>
    <subfield code="r">2024-12-20 12:16:25</subfield>
    <subfield code="t">3</subfield>
    <subfield code="w">2024-12-20</subfield>
    <subfield code="y">BOOK</subfield>
  </datafield>
  <datafield tag="952" ind1=" " ind2=" ">
    <subfield code="0">0</subfield>
    <subfield code="1">0</subfield>
    <subfield code="2">ddc</subfield>
    <subfield code="4">0</subfield>
    <subfield code="7">0</subfield>
    <subfield code="a">SEACOMEC</subfield>
    <subfield code="b">SEACOMEC</subfield>
    <subfield code="d">2006-06-02</subfield>
    <subfield code="l">0</subfield>
    <subfield code="o">005.1 H811</subfield>
    <subfield code="p">00521</subfield>
    <subfield code="r">2024-12-20 12:16:25</subfield>
    <subfield code="t">4</subfield>
    <subfield code="w">2024-12-20</subfield>
    <subfield code="y">BOOK</subfield>
  </datafield>
  <datafield tag="952" ind1=" " ind2=" ">
    <subfield code="0">0</subfield>
    <subfield code="1">0</subfield>
    <subfield code="2">ddc</subfield>
    <subfield code="4">0</subfield>
    <subfield code="7">0</subfield>
    <subfield code="a">SEACOMEC</subfield>
    <subfield code="b">SEACOMEC</subfield>
    <subfield code="d">2006-06-02</subfield>
    <subfield code="l">0</subfield>
    <subfield code="o">005.1 H811</subfield>
    <subfield code="p">00522</subfield>
    <subfield code="r">2024-12-20 12:16:25</subfield>
    <subfield code="t">5</subfield>
    <subfield code="w">2024-12-20</subfield>
    <subfield code="y">BOOK</subfield>
  </datafield>
  <datafield tag="952" ind1=" " ind2=" ">
    <subfield code="0">0</subfield>
    <subfield code="1">0</subfield>
    <subfield code="2">ddc</subfield>
    <subfield code="4">0</subfield>
    <subfield code="7">0</subfield>
    <subfield code="a">SEACOMEC</subfield>
    <subfield code="b">SEACOMEC</subfield>
    <subfield code="d">2006-06-02</subfield>
    <subfield code="l">0</subfield>
    <subfield code="o">005.1 H811</subfield>
    <subfield code="p">00523</subfield>
    <subfield code="r">2024-12-20 12:16:25</subfield>
    <subfield code="t">6</subfield>
    <subfield code="w">2024-12-20</subfield>
    <subfield code="y">BOOK</subfield>
  </datafield>
  <datafield tag="952" ind1=" " ind2=" ">
    <subfield code="0">0</subfield>
    <subfield code="1">0</subfield>
    <subfield code="2">ddc</subfield>
    <subfield code="4">0</subfield>
    <subfield code="7">0</subfield>
    <subfield code="a">SEACOMEC</subfield>
    <subfield code="b">SEACOMEC</subfield>
    <subfield code="d">2006-06-02</subfield>
    <subfield code="l">0</subfield>
    <subfield code="o">005.1 H811</subfield>
    <subfield code="p">00524</subfield>
    <subfield code="r">2024-12-20 12:16:25</subfield>
    <subfield code="t">7</subfield>
    <subfield code="w">2024-12-20</subfield>
    <subfield code="y">BOOK</subfield>
  </datafield>
  <datafield tag="952" ind1=" " ind2=" ">
    <subfield code="0">0</subfield>
    <subfield code="1">0</subfield>
    <subfield code="2">ddc</subfield>
    <subfield code="4">0</subfield>
    <subfield code="7">0</subfield>
    <subfield code="a">SEACOMEC</subfield>
    <subfield code="b">SEACOMEC</subfield>
    <subfield code="d">2006-06-02</subfield>
    <subfield code="l">0</subfield>
    <subfield code="o">005.1 H811</subfield>
    <subfield code="p">00525</subfield>
    <subfield code="r">2024-12-20 12:16:25</subfield>
    <subfield code="t">8</subfield>
    <subfield code="w">2024-12-20</subfield>
    <subfield code="y">BOOK</subfield>
  </datafield>
  <datafield tag="952" ind1=" " ind2=" ">
    <subfield code="0">0</subfield>
    <subfield code="1">0</subfield>
    <subfield code="2">ddc</subfield>
    <subfield code="4">0</subfield>
    <subfield code="7">0</subfield>
    <subfield code="a">SEACOMEC</subfield>
    <subfield code="b">SEACOMEC</subfield>
    <subfield code="d">2006-06-02</subfield>
    <subfield code="l">0</subfield>
    <subfield code="o">005.1 H811</subfield>
    <subfield code="p">00817</subfield>
    <subfield code="r">2024-12-20 12:17:35</subfield>
    <subfield code="t">9</subfield>
    <subfield code="w">2024-12-20</subfield>
    <subfield code="y">BOOK</subfield>
  </datafield>
  <datafield tag="952" ind1=" " ind2=" ">
    <subfield code="0">0</subfield>
    <subfield code="1">0</subfield>
    <subfield code="2">ddc</subfield>
    <subfield code="4">0</subfield>
    <subfield code="7">0</subfield>
    <subfield code="a">SEACOMEC</subfield>
    <subfield code="b">SEACOMEC</subfield>
    <subfield code="d">2008-05-02</subfield>
    <subfield code="l">0</subfield>
    <subfield code="o">005.1 H811</subfield>
    <subfield code="p">11326</subfield>
    <subfield code="r">2024-12-20 12:18:50</subfield>
    <subfield code="t">10</subfield>
    <subfield code="w">2024-12-20</subfield>
    <subfield code="y">BOOK</subfield>
  </datafield>
  <datafield tag="952" ind1=" " ind2=" ">
    <subfield code="0">0</subfield>
    <subfield code="1">0</subfield>
    <subfield code="2">ddc</subfield>
    <subfield code="4">0</subfield>
    <subfield code="7">0</subfield>
    <subfield code="a">SEACOMEC</subfield>
    <subfield code="b">SEACOMEC</subfield>
    <subfield code="d">2008-05-02</subfield>
    <subfield code="l">0</subfield>
    <subfield code="o">005.1 H811</subfield>
    <subfield code="p">11327</subfield>
    <subfield code="r">2024-12-20 12:18:50</subfield>
    <subfield code="t">11</subfield>
    <subfield code="w">2024-12-20</subfield>
    <subfield code="y">BOOK</subfield>
  </datafield>
  <datafield tag="952" ind1=" " ind2=" ">
    <subfield code="0">0</subfield>
    <subfield code="1">0</subfield>
    <subfield code="2">ddc</subfield>
    <subfield code="4">0</subfield>
    <subfield code="7">0</subfield>
    <subfield code="a">SEACOMEC</subfield>
    <subfield code="b">SEACOMEC</subfield>
    <subfield code="d">2008-05-02</subfield>
    <subfield code="l">0</subfield>
    <subfield code="o">005.1 H811</subfield>
    <subfield code="p">11328</subfield>
    <subfield code="r">2024-12-20 12:18:50</subfield>
    <subfield code="t">12</subfield>
    <subfield code="w">2024-12-20</subfield>
    <subfield code="y">BOOK</subfield>
  </datafield>
  <datafield tag="952" ind1=" " ind2=" ">
    <subfield code="0">0</subfield>
    <subfield code="1">0</subfield>
    <subfield code="2">ddc</subfield>
    <subfield code="4">0</subfield>
    <subfield code="7">0</subfield>
    <subfield code="a">SEACOMEC</subfield>
    <subfield code="b">SEACOMEC</subfield>
    <subfield code="d">2008-05-02</subfield>
    <subfield code="l">0</subfield>
    <subfield code="o">005.1 H811</subfield>
    <subfield code="p">11329</subfield>
    <subfield code="r">2024-12-20 12:18:50</subfield>
    <subfield code="t">13</subfield>
    <subfield code="w">2024-12-20</subfield>
    <subfield code="y">BOOK</subfield>
  </datafield>
  <datafield tag="952" ind1=" " ind2=" ">
    <subfield code="0">0</subfield>
    <subfield code="1">0</subfield>
    <subfield code="2">ddc</subfield>
    <subfield code="4">0</subfield>
    <subfield code="7">0</subfield>
    <subfield code="a">SEACOMEC</subfield>
    <subfield code="b">SEACOMEC</subfield>
    <subfield code="d">2008-05-02</subfield>
    <subfield code="l">0</subfield>
    <subfield code="o">005.1 H811</subfield>
    <subfield code="p">11330</subfield>
    <subfield code="r">2024-12-20 12:18:50</subfield>
    <subfield code="t">14</subfield>
    <subfield code="w">2024-12-20</subfield>
    <subfield code="y">BOOK</subfield>
  </datafield>
  <datafield tag="952" ind1=" " ind2=" ">
    <subfield code="0">0</subfield>
    <subfield code="1">0</subfield>
    <subfield code="2">ddc</subfield>
    <subfield code="4">0</subfield>
    <subfield code="7">0</subfield>
    <subfield code="a">SEACOMEC</subfield>
    <subfield code="b">SEACOMEC</subfield>
    <subfield code="d">2008-05-02</subfield>
    <subfield code="l">0</subfield>
    <subfield code="o">005.1 H811</subfield>
    <subfield code="p">11331</subfield>
    <subfield code="r">2024-12-20 12:18:50</subfield>
    <subfield code="t">15</subfield>
    <subfield code="w">2024-12-20</subfield>
    <subfield code="y">BOOK</subfield>
  </datafield>
  <datafield tag="999" ind1=" " ind2=" ">
    <subfield code="c">304</subfield>
    <subfield code="d">304</subfield>
  </datafield>
</record>
